Marine functional food

Bibliographic Details
Corporate Author: ProQuest (Firm)
Other Authors: Luten, J. B.
Format: Electronic eBook
Language:English
Published: Wageningen : Wageningen Academic Publishers, 2009.
Subjects:
Online Access:Click to View
LEADER 01223nam a2200337 a 4500
001 EBC3415201
003 MiAaPQ
005 20200520144314.0
006 m o d |
007 cr cn|||||||||
008 130502s2009 ne ad sb 001 0 eng d
020 |z 9789086860784 
020 |z 9789086866588 (e-book) 
035 |a (MiAaPQ)EBC3415201 
035 |a (Au-PeEL)EBL3415201 
035 |a (CaPaEBR)ebr10688331 
035 |a (OCoLC)923505612 
040 |a MiAaPQ  |c MiAaPQ  |d MiAaPQ 
050 4 |a TX385  |b .M37 2009 
245 0 0 |a Marine functional food  |h [electronic resource] /  |c edited by J.B. Luten. 
260 |a Wageningen :  |b Wageningen Academic Publishers,  |c 2009. 
300 |a 174 p. :  |b ill. 
504 |a Includes bibliographical references and index. 
533 |a Electronic reproduction. Ann Arbor, MI : ProQuest, 2015. Available via World Wide Web. Access may be limited to ProQuest affiliated libraries. 
650 0 |a Functional foods. 
650 0 |a Lipids in human nutrition. 
650 0 |a Proteins in human nutrition. 
655 4 |a Electronic books. 
700 1 |a Luten, J. B. 
710 2 |a ProQuest (Firm) 
856 4 0 |u https://ebookcentral.proquest.com/lib/matrademy/detail.action?docID=3415201  |z Click to View